La Chartreuse de Parme / (Record no. 165745)

MARC details
000 -LEADER
campo de control de longitud fija 00619nam a22001815i 4500
001 - NÚMERO DE CONTROL
campo de control 165745
003 - IDENTIFICADOR DE NÚMERO DE CONTROL
campo de control ES-MaACL
005 - FECHA Y HORA DE LA ÚLTIMA TRANSACCIÓN
campo de control 20240524063009.0
008 - DATOS DE LONGITUD FIJA--INFORMACIÓN GENERAL
campo de control de longitud fija 050905s1885 fr | |||||||| ||fre d
040 ## - FUENTE DE CATALOGACIÓN
Centro catalogador/agencia de origen CAM
Lengua de catalogación spa
Centro/agencia transcriptor CAM
100 0# - ENTRADA PRINCIPAL--NOMBRE DE PERSONA
Nombre de persona Stendhal,
Fechas asociadas al nombre 1783-1842
9 (RLIN) 108086
245 13 - MENCIÓN DEL TÍTULO
Título La Chartreuse de Parme /
Mención de responsabilidad, etc. par Stendhal (Henry Beyle).
250 ## - MENCION DE EDICION
Mención de edición Nouvelle éd. entier. rev. et corr.
260 ## - PUBLICACIÓN, DISTRIBUCIÓN, ETC.
Lugar de publicación, distribución, etc. Paris :
Nombre del editor, distribuidor, etc. Calmann Lévy :
-- Ancienne Maison Michel Lévy,
Fecha de publicación, distribución, etc. 1885 (
Fabricante Imp. de la Soc. de Typ.)
300 ## - DESCRIPCIÓN FÍSICA
Extensión 450 p. ;
Dimensiones 18 cm.
852 ## - LOCALIZACIÓN
Ubicación ES-MaACL
Número de control de estantería B-3213(1)
Nota libre -- Enc. hol.
Holdings
Estatus retirado Estado de pérdida Estado de daño No para préstamo Colección Biblioteca de origen Biblioteca actual Ubicación en estantería Fecha de adquisición Fuente de adquisición Total de préstamos Signatura topográfica completa Código de barras Visto por última vez Precio de reemplazo Tipo de ítem Koha
        Libros del s. XIX Biblioteca del Ateneo de Madrid Biblioteca del Ateneo de Madrid Sala Pardo Bazán 17/01/2008     B-3213(1) 1173822 23/02/2023 23/02/2023 Libro impreso antiguo